Измерения. Понятия, теории, проблемы : (Record no. 928)
[ view plain ]
| 000 -LEADER | |
|---|---|
| fixed length control field | 00960nam a2200241 a 4500 |
| 001 - CONTROL NUMBER | |
| control field | 000002169 |
| 003 - CONTROL NUMBER IDENTIFIER | |
| control field | AM-YEHGA |
| 005 - DATE AND TIME OF LATEST TRANSACTION | |
| control field | 20250617120355.0 |
| 008 - FIXED-LENGTH DATA ELEMENTS--GENERAL INFORMATION | |
| fixed length control field | 021112s1987 ru r 000 0 rus d |
| 040 ## - CATALOGING SOURCE | |
| Original cataloging agency | AM-YeHGA |
| 041 1# - LANGUAGE CODE | |
| Language code of text/sound track or separate title | rus |
| Language code of original | cze |
| 090 ## - LOCALLY ASSIGNED LC-TYPE CALL NUMBER (OCLC); LOCAL CALL NUMBER (RLIN) | |
| -- | 933 |
| 100 1# - MAIN ENTRY--PERSONAL NAME | |
| Personal name | Берка, Карел |
| 245 10 - TITLE STATEMENT | |
| Title | Измерения. Понятия, теории, проблемы : |
| Remainder of title | Пер. с чеш. / |
| Statement of responsibility, etc. | Карел Берка ; Пер. К.Н. Иванова ; Под ред. Б.В. Бирюкова ; Послесл. Б.В. Бирюкова, В.И. Михеева. |
| 260 ## - PUBLICATION, DISTRIBUTION, ETC. | |
| Place of publication, distribution, etc. | Москва : |
| Name of publisher, distributor, etc. | Прогресс, |
| Date of publication, distribution, etc. | 1987. |
| 300 ## - PHYSICAL DESCRIPTION | |
| Extent | 320 с. |
| 500 ## - GENERAL NOTE | |
| General note | Имен. указ.: с. 306-319. |
| 504 ## - BIBLIOGRAPHY, ETC. NOTE | |
| Bibliography, etc. note | Библиогр.: в конце ст. |
| 700 1# - ADDED ENTRY--PERSONAL NAME | |
| Personal name | Иванов, К.Н. |
| Relator term | пер. |
| Relationship | trl |
| 700 1# - ADDED ENTRY--PERSONAL NAME | |
| Personal name | Бирюков, Б.В. |
| Relator term | авт. послесл. |
| Relationship | aui |
| Relator term | ред. |
| Relationship | edt |
| 700 1# - ADDED ENTRY--PERSONAL NAME | |
| Personal name | Михеев, В.И. |
| Relator term | авт. послесл. |
| Relationship | aft |
| 942 ## - ADDED ENTRY ELEMENTS (KOHA) | |
| Koha item type | Գրքեր / Books |
| Withdrawn status | Lost status | Source of classification or shelving scheme | Damaged status | Not for loan | Home library | Current library | Date acquired | Total checkouts | Full call number | Barcode | Date last seen | Price effective from | Koha item type | Public note | Collection |
|---|---|---|---|---|---|---|---|---|---|---|---|---|---|---|---|
| Universal Decimal Classification | Fundamental Scientific Library | Fundamental Scientific Library | 21/12/2016 | РII/588771 | FL0061328 | 21/12/2016 | 21/12/2016 | Գրքեր / Books | 30 Days Loan | ||||||
| Fundamental Scientific Library | Fundamental Scientific Library | 21/12/2016 | РII/579129 | FL0093032 | 21/12/2016 | 21/12/2016 | Գրքեր / Books | 30 Days Loan | General |
ՀՀ Գիտությունների ազգային ակադեմիայի հիմնարար գիտական գրադարան = Fundamental Scientific Library of NAS RA
All site content, except where otherwise noted, is licensed under a